Vista normal
Vista MARC
Entrada Materia (reunión)
Número de registros utilizados en: 1
001 - CONTROL NUMBER
- control field: 159003
003 - CONTROL NUMBER IDENTIFIER
- control field: Co-BoUCM
005 - DATE AND TIME OF LATEST TRANSACTION
- control field: 20211110132802.0
008 - FIXED-LENGTH DATA ELEMENTS
- fixed length control field: 211110|| aca||aabn | a|a d
040 ## - CATALOGING SOURCE
- Original cataloging agency: Co-BoUCM
- Transcribing agency: Co-BoUCM
111 ## - HEADING--MEETING NAME
- Meeting name or jurisdiction name as entry element: Conversatorios de Justicia y Paz
- Number of part/section/meeting: ([2
- Date of meeting: 2010
- Location of meeting: Colombia)
670 ## - SOURCE DATA FOUND
- Source citation: Work cat.: (Co-BoUCM)36299: Conversatorios de Justicia y Paz ([1] 2009 Colombia) 158999, Conversatorios de Justicia y Paz compilación de memorias, 2011